1577 1226 1011 1908 1571 1825 1782 1539 1338 1558 1495 1797 1406 1302 1408 1836 1055 1127 1273 1842 1421 1743 1217 1843 1572 1733 1085 1435 1216 1876 1084 1611 1773 1207 1773 1890 1716 1395 1913 1489 1638 1552 1750 1214 1726 1592 1802 1951 1941 1620 1206 1907 1141 1857 1539 1538 1566 1901 1077 1283 1204 1613 1077 1580 1721 1731 1710 1851 1939 1904 1051 1655 1532 1934 1670 1412 1091 1881 1588 1187 1661 1236 1555 1220 1793 1972 1566 1462 1182 1708 1613 1727 1144 1875 1067 1041 1980 1098 1364 BCNSPRNW ULIB Ver.6.0+V

เปลี่ยนเป็นภาษาไทย

Change to English
 แสดงรายละเอียดบรรณานุกรม
  กลับหน้าหลัก

Brief Record : Get Marc (ISO 2709) : E-mail record : QR code < ปิดหน้าต่าง
LEADER : 00000nam 2200000uu 4500
001    13399120998
003     ULIB
008    020711s2548 th a 000 0 tha d
020    9789746114929(ล2)
020    9746114921(ล.2)
050    HG4515^bส719ก
110    มหาวิทยาลัยสุโขทัยธรรมาธิราช.^bสาขาวิทยาการจัดการ
245    การลงทุน หน่วยที่7-15/^cมหาวิทยาลัยสุโขทัยธรรมาธิราช
250    พิมพ์ครั้งที่ 13
260    นนทบุรี :^bมหาวิทยาลัยสุโขทัยธรรมาธิราช.,^c2548
650    การลงทุน
945    ^p0^l0^i24394
945    ^p0^l0^i24395
999    ^aทศพร เกษรทอง
รายการนี้ยังไม่มีแท็ก
คุณยังไม่ได้ล็อกอิน คุณสามารถมีกิจกรรมร่วมกับเว็บไซต์ได้ แต่ต้องล็อกอินก่อน ::
  ล็อกอิน

รายการสื่อสารสนเทศ

ลำดับที่ ประเภท เลขเรียก/บาร์โค้ด สถานที่ สถานะ
1. วิทยาศาสตร์การแพทย์ และสุขภาพ
วิทยาศาสตร์การแพทย์ และสุขภาพ
HG4515 ส719ก ฉ.1 
  Barcode: 24394
ห้องสมุดวิทยาเขตสวรรค์ประชารักษ์
►หนังสือทั่วไป
บนชั้น
2. วิทยาศาสตร์การแพทย์ และสุขภาพ
วิทยาศาสตร์การแพทย์ และสุขภาพ
HG4515 ส719ก ฉ.2 
  Barcode: 24395
ห้องสมุดวิทยาเขตสวรรค์ประชารักษ์
►หนังสือทั่วไป
บนชั้น

รายการใกล้เคียง
    หัวเรื่อง [การลงทุน]

BibComment


ยังไม่เคยถูกคอมเมนท์

คอมเมนท์ทรัพยากรรายการนี้
  คอมเมนท์: การลงทุน หน่วยที่..


 Copyright 2026. Bcnsprnw @Library